[Event "23rd Reykjavik op"]
[Site "Reykjavik ISL"]
[Date "2008.03.10"]
[Round "8.32"]
[White "Kjartansson, Gudmundur"]
[Black "Limontaite, Simona"]
[WhiteElo "2307"]
[BlackElo "2152"]
[Result "1/2-1/2"]
[EventDate "2008.03.03"]
[PlyCount "53"]

1.e4 c5 2.Nf3 Nc6 3.d4 cxd4 4.Nxd4 Nf6 5.Nc3 e5 6.Ndb5 d6 7.Bg5 a6 8.Na3 
b5 9.Bxf6 gxf6 10.Nd5 Bg7 11.c3 f5 12.exf5 Bxf5 13.Nc2 Ne7 14.Nxe7 Bxc2 
15.Qxc2 Qxe7 16.Be2 O-O 17.O-O d5 18.Rfd1 Rfd8 19.Rd2 e4 20.Rad1 Qc5 21.
Qb3 d4 22.cxd4 Rxd4 23.Rxd4 Bxd4 24.Qg3+ Kh8 25.Qf4 f5 26.Kh1 Qe5 27.Qxe5+
1/2-1/2

[Event "23rd Reykjavik op"]
[Site "Reykjavik ISL"]
[Date "2008.03.10"]
[Round "8.33"]
[White "Misiuga, Andrzej"]
[Black "Kjartansson, David"]
[WhiteElo "2157"]
[BlackElo "2288"]
[Result "0-1"]
[EventDate "2008.03.03"]
[PlyCount "56"]

1.d4 Nf6 2.c4 e6 3.Nc3 c5 4.e3 b6 5.d5 exd5 6.cxd5 d6 7.Nf3 g6 8.Be2 Bg7 
9.O-O O-O 10.Nd2 Na6 11.Nc4 Nc7 12.a4 Ba6 13.Re1 Rb8 14.e4 Re8 15.Bf1 Bxc4
16.Bxc4 a6 17.Qe2 b5 18.axb5 axb5 19.Nxb5 Rxe4 20.Be3 Nxb5 21.Bxb5 Rb4 22.
Bc6 Rxb2 23.Qa6 Nd7 24.Bf4 Ne5 25.Qa7 Nd3 26.Re8+ Qxe8 27.Bxe8 Rb1+ 28.Bc1
Rxe8 0-1

[Event "23rd Reykjavik op"]
[Site "Reykjavik ISL"]
[Date "2008.03.10"]
[Round "8.34"]
[White "Kristjansson, Atli Freyr"]
[Black "Genzling, Alain"]
[WhiteElo "2019"]
[BlackElo "2264"]
[Result "0-1"]
[EventDate "2008.03.03"]
[PlyCount "63"]

1.d4 d5 2.c4 dxc4 3.Nf3 Nf6 4.Nc3 a6 5.e4 b5 6.e5 Nd5 7.a4 Nxc3 8.bxc3 Bb7
9.Ng5 Qd5 10.Be2 Qxg2 11.Rf1 h6 12.Nf3 Qh3 13.d5 e6 14.d6 cxd6 15.exd6 e5 
16.Be3 Qe6 17.axb5 Bxd6 18.Nd2 axb5 19.Rxa8 Bxa8 20.Qb1 Bc6 21.Rg1 O-O 22.
Ne4 f5 23.Ng3 Rf7 24.Nh5 Bf8 25.f4 exf4 26.Bxf4 Bf3 27.Qd1 Bxh5 28.Bxb8 
Bxe2 29.Qxe2 Qb6 30.Rg3 Qxb8 31.Re3 Qc8 32.Re8 0-1

[Event "23rd Reykjavik op"]
[Site "Reykjavik ISL"]
[Date "2008.03.10"]
[Round "8.35"]
[White "Sigurjonsson, Stefan Thor"]
[Black "Vasilevich, Tatjana"]
[WhiteElo "2136"]
[BlackElo "2370"]
[Result "0-1"]
[EventDate "2008.03.03"]
[PlyCount "84"]

1.e4 c5 2.c4 Nc6 3.Nc3 g6 4.d3 Bg7 5.Be3 d6 6.Qd2 a6 7.Be2 Rb8 8.Nf3 Bg4 
9.h3 Bxf3 10.Bxf3 e6 11.Rc1 Nge7 12.Bh6 O-O 13.Bxg7 Kxg7 14.h4 f6 15.h5 g5
16.h6+ Kh8 17.Bg4 Nd4 18.f4 Nec6 19.f5 Ne5 20.Qd1 Nxg4 21.Qxg4 exf5 22.
exf5 b5 23.b3 Re8+ 24.Kd2 Re5 25.Rhf1 Qa5 26.Rce1 Rbe8 27.Re4 Qa3 28.Rb1 
b4 29.Nd1 Qxa2+ 30.Rb2 Nxb3+ 31.Ke3 Qa4 32.Qh5 Rxe4+ 33.dxe4 Re7 34.Nf2 
Nd4 35.Nd3 Qc6 36.Qg4 a5 37.Ra2 a4 38.Nxb4 cxb4 39.Kxd4 b3 40.Rb2 Qb6+ 41.
Kd3 a3 42.Rb1 a2 0-1

[Event "23rd Reykjavik op"]
[Site "Reykjavik ISL"]
[Date "2008.03.10"]
[Round "8.37"]
[White "Thorsteinsson, Arnar"]
[Black "Steil-Antoni, Fiona"]
[WhiteElo "2255"]
[BlackElo "2122"]
[Result "1-0"]
[EventDate "2008.03.03"]
[PlyCount "43"]

1.e4 d6 2.d4 Nf6 3.Nc3 g6 4.f4 Bg7 5.Nf3 O-O 6.e5 dxe5 7.dxe5 Qxd1+ 8.Kxd1
Nh5 9.Bc4 c6 10.Ke2 Bg4 11.Kf2 Nd7 12.Re1 Nb6 13.Bb3 Bxf3 14.Kxf3 Bh8 15.
Be3 Ng7 16.Rad1 Rfd8 17.g4 Ne6 18.Bxe6 fxe6 19.Bxb6 axb6 20.g5 h6 21.h4 
hxg5 22.hxg5 1-0

[Event "23rd Reykjavik op"]
[Site "Reykjavik ISL"]
[Date "2008.03.10"]
[Round "8.38"]
[White "Andersson, Christin"]
[Black "Cross, Ted"]
[WhiteElo "2194"]
[BlackElo "2079"]
[Result "1-0"]
[EventDate "2008.03.03"]
[PlyCount "115"]

1.e4 c5 2.Nf3 Nc6 3.d4 cxd4 4.Nxd4 Nf6 5.Nc3 e5 6.Nxc6 bxc6 7.Bc4 Be7 8.
O-O O-O 9.Bg5 h6 10.Bh4 Bb7 11.Qd3 Qc7 12.Rad1 Rad8 13.Rfe1 d6 14.Bb3 Bc8 
15.f3 Be6 16.Bf2 d5 17.exd5 Nxd5 18.Nxd5 Bxd5 19.Qe3 Bxb3 20.axb3 Rxd1 21.
Rxd1 a5 22.Qb6 Qxb6 23.Bxb6 Ra8 24.Rd7 Bf8 25.Rc7 Ra6 26.Be3 f6 27.Ra7 
Rxa7 28.Bxa7 Kf7 29.Bb6 Ke6 30.Bxa5 Bc5+ 31.Kf1 f5 32.Ke2 g5 33.Bd2 Kd5 
34.h4 Be7 35.hxg5 hxg5 36.c4+ Ke6 37.Kd3 c5 38.Be3 f4 39.Bf2 Kf5 40.b4 
cxb4 41.c5 Ke6 42.Kc4 b3 43.Kxb3 Kd5 44.Kb4 g4 45.Kb5 g3 46.Bg1 Bd8 47.b4 
Bc7 48.Ka6 Kc4 49.b5 Kd3 50.b6 Bb8 51.c6 Ke2 52.c7 Bxc7 53.bxc7 Kf1 54.
c8=Q Kxg2 55.Qc7 Kxg1 56.Qxe5 Kf2 57.Qxf4 g2 58.Qg5 1-0

[Event "23rd Reykjavik op"]
[Site "Reykjavik ISL"]
[Date "2008.03.10"]
[Round "8.39"]
[White "Bjornsson, Bjorn Freyr"]
[Black "Frank-Nielsen, Marie"]
[WhiteElo "2194"]
[BlackElo "1969"]
[Result "1-0"]
[EventDate "2008.03.03"]
[PlyCount "75"]

1.e4 c5 2.Nf3 e6 3.d3 d5 4.Nbd2 Nc6 5.g3 Nf6 6.Bg2 Be7 7.O-O O-O 8.e5 Nd7 
9.Re1 f6 10.exf6 Bxf6 11.Bh3 Nde5 12.Nxe5 Nxe5 13.Qe2 Re8 14.c3 Nc6 15.Nb3
b6 16.Be3 e5 17.Bg2 Ne7 18.c4 Bb7 19.Nd2 Qd7 20.cxd5 Nxd5 21.Ne4 Rad8 22.
Rad1 Ba6 23.a3 Nxe3 24.Qxe3 Qf5 25.Rd2 g6 26.Bh3 Qxh3 27.Nxf6+ Kg7 28.
Nxe8+ Rxe8 29.f4 Bb7 30.fxe5 Qe6 31.h4 Rf8 32.Rf1 Rxf1+ 33.Kxf1 Qh3+ 34.
Ke2 Qg4+ 35.Ke1 Qh3 36.Rf2 Bc8 37.Qf3 Qe6 38.Qf8# 1-0

[Event "23rd Reykjavik op"]
[Site "Reykjavik ISL"]
[Date "2008.03.10"]
[Round "8.41"]
[White "Vigfusson, Vigfus"]
[Black "Bjarnason, Oskar"]
[WhiteElo "2052"]
[BlackElo "2290"]
[Result "1/2-1/2"]
[EventDate "2008.03.03"]
[PlyCount "112"]

1.e4 c5 2.c3 d5 3.exd5 Qxd5 4.d4 cxd4 5.cxd4 Nc6 6.Nf3 Bg4 7.Nc3 Bxf3 8.
gxf3 Qxd4 9.Qxd4 Nxd4 10.Nb5 Nc2+ 11.Kd1 Rc8 12.Nxa7 Rc5 13.Be3 Nxe3+ 14.
fxe3 e6 15.Nb5 Nf6 16.Nc3 Bd6 17.Bd3 Rh5 18.Ne4 Ke7 19.Nxd6 Kxd6 20.Rc1 
Nd5 21.Ke2 Re5 22.Be4 Ra8 23.a3 Ra6 24.Bxd5 exd5 25.Kd3 Ra4 26.Rhg1 g6 27.
Rg4 Rxg4 28.fxg4 Rg5 29.Rf1 Ke6 30.Rf4 h5 31.gxh5 Rxh5 32.h4 f6 33.Rb4 Rh7
34.Rg4 Kf5 35.Rf4+ Ke5 36.Rg4 Rg7 37.a4 g5 38.hxg5 fxg5 39.b4 Kf5 40.Rg1 
g4 41.Kd4 Re7 42.Kxd5 Rxe3 43.Kc4 Re6 44.a5 Rc6+ 45.Kd5 Rc2 46.Rf1+ Kg6 
47.Ra1 Rd2+ 48.Kc5 Kf5 49.b5 g3 50.a6 bxa6 51.bxa6 Kf4 52.a7 Rd8 53.a8=Q 
Rxa8 54.Rxa8 Ke3 55.Rg8 Kf2 56.Kd4 g2 1/2-1/2

[Event "23rd Reykjavik op"]
[Site "Reykjavik ISL"]
[Date "2008.03.10"]
[Round "8.42"]
[White "Kristinsson, Bjarni Jens"]
[Black "Gueneau, Christophe"]
[WhiteElo "1822"]
[BlackElo "2126"]
[Result "1/2-1/2"]
[EventDate "2008.03.03"]
[PlyCount "95"]

1.e4 c5 2.Nf3 Nc6 3.d4 cxd4 4.Nxd4 g6 5.Nc3 Bg7 6.Be3 Nf6 7.Bc4 O-O 8.f3 
Qb6 9.Bb3 Nxe4 10.Nd5 Qa5+ 11.c3 Nf6 12.Nxc6 dxc6 13.Nxe7+ Kh8 14.Nxc8 
Raxc8 15.O-O Rcd8 16.Qe2 Nd5 17.Rfd1 Rfe8 18.Bxd5 Rxd5 19.Rxd5 Qxd5 20.Qd2
Qxd2 21.Bxd2 Kg8 22.Kf2 Kf8 23.Be3 b6 24.a4 Be5 25.a5 c5 26.axb6 axb6 27.
Bh6+ Ke7 28.Re1 Kd7 29.f4 Bh8 30.Rxe8 Kxe8 31.Bg5 Kd7 32.Ke3 f5 33.Kd3 b5 
34.b3 Bg7 35.h3 Kc6 36.c4 h5 37.Bh4 Bd4 38.Be1 Bf6 39.Bf2 b4 40.Ke2 Be7 
41.Kf3 Kd7 42.Ke2 Ke6 43.Kf3 Kd6 44.Be3 Bh4 45.Bf2 Be7 46.Be3 Bh4 47.Bf2 
Be7 48.Be3 1/2-1/2

[Event "23rd Reykjavik op"]
[Site "Reykjavik ISL"]
[Date "2008.03.10"]
[Round "8.43"]
[White "Bjornsson, Sverrir Orn"]
[Black "Ingvason, Johann"]
[WhiteElo "2116"]
[BlackElo "2105"]
[Result "1-0"]
[EventDate "2008.03.03"]
[PlyCount "87"]

1.d4 d5 2.c4 e6 3.Nc3 Bb4 4.Qa4+ Nc6 5.e3 Nf6 6.Nf3 O-O 7.Bd3 Bd7 8.Qc2 
Bd6 9.a3 dxc4 10.Bxc4 e5 11.d5 Ne7 12.Nd2 c6 13.dxc6 Bxc6 14.O-O Rc8 15.
Rd1 Qc7 16.Bf1 e4 17.g3 Qa5 18.Nc4 Qh5 19.Nxd6 Rcd8 20.Qe2 Qg6 21.Nc4 h5 
22.Ne5 Qf5 23.Nxc6 Nxc6 24.Bg2 Ne5 25.Rd4 Nf3+ 26.Bxf3 exf3 27.Qd1 Kh7 28.
Rxd8 Qh3 29.Qf1 Qxf1+ 30.Kxf1 Rxd8 31.e4 Nxe4 32.Be3 Nxc3 33.bxc3 b6 34.
Bd4 Rd5 35.h4 f6 36.Ke1 Rd6 37.Kd2 g5 38.Re1 Kg6 39.Re7 a5 40.Ke3 g4 41.
Ke4 b5 42.Rb7 f5+ 43.Ke5 Rd8 44.Rb6+ 1-0

[Event "23rd Reykjavik op"]
[Site "Reykjavik ISL"]
[Date "2008.03.10"]
[Round "8.44"]
[White "Brynjarsson, Helgi"]
[Black "Kristinardottir, Elsa Maria"]
[WhiteElo "1914"]
[BlackElo "1721"]
[Result "1-0"]
[EventDate "2008.03.03"]
[PlyCount "105"]

1.e4 c6 2.d4 d5 3.Nd2 dxe4 4.Nxe4 Bf5 5.Ng3 Bg6 6.Nf3 Nd7 7.Bd3 Bxd3 8.
Qxd3 Ngf6 9.O-O e6 10.Re1 Be7 11.c4 O-O 12.Bf4 Nb6 13.a3 c5 14.Rad1 cxd4 
15.Nxd4 Rc8 16.Qe2 Qe8 17.b3 Bxa3 18.Nb5 Bb4 19.Nd6 Bxd6 20.Bxd6 Nbd7 21.
Bxf8 Qxf8 22.Ne4 Qb4 23.Nxf6+ Nxf6 24.Qd2 Qxd2 25.Rxd2 Kf8 26.f3 Ke7 27.
Kf2 Rc5 28.Ra2 a6 29.Rd1 Rf5 30.Rd4 h5 31.h3 g5 32.Ke3 Re5+ 33.Kd3 Re1 34.
Kc3 e5 35.Rdd2 Nd7 36.Ra5 f6 37.Rad5 Re3+ 38.Kb2 Nf8 39.Rd6 e4 40.fxe4 Re2
41.Kc3 Rxg2 42.Rb6 Rg3+ 43.Rd3 Rxd3+ 44.Kxd3 Ne6 45.Rxb7+ Ke8 46.b4 Nf4+ 
47.Kd4 g4 48.hxg4 hxg4 49.Ke3 Ng6 50.Ra7 Ne5 51.c5 a5 52.Rxa5 Nc4+ 53.Kf4 
1-0

[Event "23rd Reykjavik op"]
[Site "Reykjavik ISL"]
[Date "2008.03.10"]
[Round "8.45"]
[White "Magnusson, Bjarni"]
[Black "Almer, Julia"]
[WhiteElo "1913"]
[BlackElo "1914"]
[Result "1/2-1/2"]
[EventDate "2008.03.03"]
[PlyCount "90"]

1.d4 e6 2.c4 f5 3.Nc3 Nf6 4.Nf3 d5 5.e3 c6 6.Bd3 Bd6 7.c5 Be7 8.O-O b6 9.
b4 a5 10.Ba3 axb4 11.Bxb4 Na6 12.Bxa6 Bxa6 13.Re1 bxc5 14.Bxc5 Bxc5 15.
dxc5 O-O 16.Ne5 Qc7 17.Qd4 Nd7 18.Nxd7 Qxd7 19.Na4 Qe7 20.Nb6 Ra7 21.f4 
Re8 22.Kf2 Qh4+ 23.Kg1 Qe7 24.g3 e5 25.fxe5 Qxe5 26.Qxe5 Rxe5 27.Kf2 Bc4 
28.a4 Ra5 29.Rec1 Re4 30.Nd7 Re7 31.Nb6 Rxc5 32.a5 Ra7 33.a6 Rb5 34.Nc8 
Rb2+ 35.Kg1 Rxa6 36.Rxa6 Bxa6 37.Ne7+ Kf7 38.Nxc6 Kf6 39.Nd4 Bc4 40.Rc2 
Rb1+ 41.Kf2 Rh1 42.Kg2 Re1 43.Kf2 Rb1 44.h4 h6 45.Nf3 g5 1/2-1/2

[Event "23rd Reykjavik op"]
[Site "Reykjavik ISL"]
[Date "2008.03.11"]
[Round "9.12"]
[White "Lagerman, Robert"]
[Black "Moradiabadi, Elshan"]
[WhiteElo "2348"]
[BlackElo "2506"]
[Result "1/2-1/2"]
[EventDate "2008.03.03"]
[PlyCount "57"]

1.e4 c5 2.Nf3 d6 3.d4 cxd4 4.Nxd4 Nf6 5.Nc3 a6 6.f4 Qc7 7.Bd3 g6 8.O-O Bg7
9.Kh1 O-O 10.Qe1 Nc6 11.Nf3 Bg4 12.Qh4 Qd7 13.Bd2 Nb4 14.h3 Bxf3 15.Rxf3 
Nxd3 16.cxd3 b5 17.f5 Rac8 18.Raf1 b4 19.Nd1 Rc2 20.Bxb4 Rc1 21.Bd2 Ra1 
22.fxg6 hxg6 23.Bh6 Qa4 24.Bxg7 Kxg7 25.Ne3 Rxf1+ 26.Rxf1 Qxa2 27.Rxf6 
exf6 28.Nf5+ gxf5 29.Qg3+ 1/2-1/2

[Event "23rd Reykjavik op"]
[Site "Reykjavik ISL"]
[Date "2008.03.11"]
[Round "9.13"]
[White "Adly, Ahmed"]
[Black "Lie, Espen"]
[WhiteElo "2551"]
[BlackElo "2428"]
[Result "0-1"]
[EventDate "2008.03.03"]
[PlyCount "148"]

1.Nf3 Nf6 2.g3 g6 3.Bg2 Bg7 4.O-O O-O 5.d4 d6 6.c4 Nbd7 7.Nc3 e5 8.h3 c6 
9.dxe5 dxe5 10.b3 Qe7 11.Be3 Re8 12.Qd2 a5 13.Rad1 Nc5 14.Qc1 Nfd7 15.Ng5 
Ne6 16.Nxe6 Qxe6 17.Ne4 Bf8 18.Bh6 f5 19.Bxf8 Rxf8 20.Rd6 Qe7 21.Qa3 c5 
22.Rxd7 Bxd7 23.Qxc5 Qxc5 24.Nxc5 Bc6 25.Nxb7 Bxg2 26.Kxg2 Ra7 27.Nc5 Rd8 
28.Nd3 e4 29.Nf4 Rd2 30.Rc1 Rc7 31.e3 Kf7 32.Ra1 a4 33.Nd5 Rb7 34.b4 a3 
35.Rc1 Ke6 36.b5 Rxa2 37.Nc3 Rd2 38.c5 Rc7 39.Na4 Rd8 40.c6 Ra8 41.Nc5+ 
Kd6 42.Nd7 a2 43.b6 Rxc6 44.Rd1+ Ke7 45.b7 Rca6 46.bxa8=Q Rxa8 47.Nb6 a1=Q
48.Nd5+ Kd6 49.Rxa1 Rxa1 50.Nf4 Kc5 51.h4 Kd6 52.Nh3 Ke5 53.Nf4 Rd1 54.Ne2
h6 55.Nf4 g5 56.hxg5 hxg5 57.Nh3 Kf6 58.Kh2 Rd2 59.Kg2 Kg6 60.Kf1 Kh5 61.
Ng1 Rd1+ 62.Kg2 Re1 63.Nh3 Ra1 64.Ng1 Re1 65.Nh3 Kg6 66.Ng1 g4 67.Kh2 Kf6 
68.Kg2 Ke6 69.Kh2 Kd5 70.Kg2 Kc4 71.Kh2 Kd3 72.Kg2 Kd2 73.Kh2 Rf1 74.Nf3+ 
exf3 0-1

[Event "23rd Reykjavik op"]
[Site "Reykjavik ISL"]
[Date "2008.03.11"]
[Round "9.16"]
[White "Kristjansson, Stefan"]
[Black "Westerinen, Heikki"]
[WhiteElo "2476"]
[BlackElo "2362"]
[Result "1-0"]
[EventDate "2008.03.03"]
[PlyCount "83"]

1.e4 e6 2.d4 d5 3.Nd2 c5 4.exd5 exd5 5.Ngf3 c4 6.b3 cxb3 7.axb3 Nc6 8.c3 
Bd6 9.Bd3 Qe7+ 10.Qe2 Bg4 11.Ba3 O-O-O 12.Bxd6 Rxd6 13.O-O Qxe2 14.Bxe2 
Nge7 15.Rfe1 Bxf3 16.Bxf3 Kb8 17.Nf1 Nf5 18.Ne3 Nxe3 19.fxe3 Re8 20.e4 
dxe4 21.Rxe4 Rxe4 22.Bxe4 h6 23.Kf2 Ne7 24.Ke3 f5 25.Bf3 g5 26.g3 Rf6 27.
Kd3 g4 28.Be2 h5 29.Ra5 b6 30.Re5 Ng6 31.Re8+ Kc7 32.Ke3 a5 33.Bd3 f4+ 34.
gxf4 Nxf4 35.Be4 Ne6 36.Re7+ Kd8 37.Rh7 Rf1 38.Bd5 Nf4 39.Bc6 b5 40.d5 
Rf3+ 41.Kd4 Rd3+ 42.Ke5 1-0

[Event "23rd Reykjavik op"]
[Site "Reykjavik ISL"]
[Date "2008.03.11"]
[Round "9.18"]
[White "Arakhamia-Grant, Ketevan"]
[Black "Nyzhnyk, Illya"]
[WhiteElo "2457"]
[BlackElo "2405"]
[Result "0-1"]
[EventDate "2008.03.03"]
[PlyCount "82"]

1.e4 c5 2.Nf3 Nc6 3.d4 cxd4 4.Nxd4 Qb6 5.Nb3 Nf6 6.Nc3 e6 7.Bd3 a6 8.Qe2 
d6 9.f4 Qc7 10.O-O b5 11.Bd2 b4 12.Nd1 Be7 13.c3 O-O 14.cxb4 Nxb4 15.Rc1 
Qb6+ 16.Be3 Qb8 17.Bb1 a5 18.Rf3 Ba6 19.Qd2 d5 20.exd5 Nbxd5 21.Bd4 Rc8 
22.Nc3 Qb4 23.Bc2 Bc4 24.Rh3 Bxb3 25.axb3 Bc5 26.Bxc5 Rxc5 27.Rf1 Rac8 28.
Rff3 g6 29.f5 exf5 30.Rd3 Nf4 31.Rd8+ Rxd8 32.Qxd8+ Kg7 33.Rf3 Ne2+ 34.Kh1
Nxc3 35.bxc3 Rxc3 36.Rxc3 Qxc3 37.Qd1 Ng4 38.Qe2 Qa1+ 39.Bd1 Qxd1+ 40.Qxd1
Nf2+ 41.Kg1 Nxd1 0-1

[Event "23rd Reykjavik op"]
[Site "Reykjavik ISL"]
[Date "2008.03.11"]
[Round "9.19"]
[White "Vavrak, Peter"]
[Black "Grandelius, Nils"]
[WhiteElo "2472"]
[BlackElo "2371"]
[Result "1/2-1/2"]
[EventDate "2008.03.03"]
[PlyCount "23"]

1.c4 Nf6 2.Nf3 g6 3.d4 Bg7 4.g3 c6 5.Bg2 O-O 6.O-O d5 7.cxd5 cxd5 8.Nc3 e6
9.Ne5 Nfd7 10.f4 Nc6 11.Be3 f6 12.Nd3 1/2-1/2

[Event "23rd Reykjavik op"]
[Site "Reykjavik ISL"]
[Date "2008.03.11"]
[Round "9.22"]
[White "Bjarnason, Saevar"]
[Black "Malisauskas, Vidmantas"]
[WhiteElo "2226"]
[BlackElo "2489"]
[Result "0-1"]
[EventDate "2008.03.03"]
[PlyCount "52"]

1.e4 c5 2.Nf3 d6 3.d4 cxd4 4.Nxd4 Nf6 5.Nc3 a6 6.Bg5 e6 7.f4 Qb6 8.Qd2 
Qxb2 9.Nb3 Nc6 10.Be2 Be7 11.O-O Qa3 12.Kh1 O-O 13.Rf3 Rd8 14.Rg3 d5 15.
exd5 Nxd5 16.f5 Nf6 17.Qe3 exf5 18.Rf1 Be6 19.Bd3 Nd5 20.Nxd5 Rxd5 21.Bxe7
Qxe7 22.Qh6 g6 23.Rh3 f6 24.g4 fxg4 25.Re3 Re5 26.Rxe5 Nxe5 0-1

[Event "23rd Reykjavik op"]
[Site "Reykjavik ISL"]
[Date "2008.03.11"]
[Round "9.23"]
[White "Hermansson, Emil"]
[Black "Bergsson, Snorri"]
[WhiteElo "2472"]
[BlackElo "2333"]
[Result "0-1"]
[EventDate "2008.03.03"]
[PlyCount "107"]

1.e4 c6 2.d4 d5 3.Nd2 dxe4 4.Nxe4 Bf5 5.Ng3 Bg6 6.h4 h6 7.Nf3 Nd7 8.h5 Bh7
9.Bd3 Bxd3 10.Qxd3 e6 11.Bf4 Ngf6 12.O-O-O Be7 13.Kb1 Qa5 14.Bd2 Qb6 15.
Ne4 Nxe4 16.Qxe4 Nf6 17.Qe2 Qb5 18.c4 Qf5+ 19.Ka1 Qe4 20.Qxe4 Nxe4 21.Be3 
Nd6 22.b3 Bf6 23.g4 a5 24.Ne5 a4 25.Kb2 b5 26.cxb5 Nxb5 27.Rc1 Bxe5 28.
dxe5 axb3 29.axb3 Ra6 30.Rc4 Nc7 31.Rhc1 Kd7 32.Rf4 Ke8 33.Rb4 Kd7 34.Rd1+
Kc8 35.Rf4 Ra5 36.Rxf7 Nd5 37.Bd2 Rb5 38.Rc1 c5 39.f4 Rd8 40.Rxg7 Kb8 41.
f5 Nb6 42.Kc2 c4 43.b4 Rbd5 44.Bxh6 Rd3 45.Ra1 Nd5 46.Bd2 Nc7 47.Bg5 R8d4 
48.Bc1 Nb5 49.Ra2 Re4 50.Bd2 Re2 51.Kc1 c3 52.h6 cxd2+ 53.Rxd2 Rdxd2 54.
Rh7 0-1

[Event "23rd Reykjavik op"]
[Site "Reykjavik ISL"]
[Date "2008.03.11"]
[Round "9.24"]
[White "Jackova, Jana"]
[Black "Thomassen, Joachim"]
[WhiteElo "2375"]
[BlackElo "2308"]
[Result "0-1"]
[EventDate "2008.03.03"]
[PlyCount "72"]

1.e4 c5 2.Nf3 e6 3.b3 Nc6 4.Bb2 Nf6 5.e5 Nd5 6.c4 Nf4 7.g3 Ng6 8.h4 d6 9.
exd6 Qxd6 10.Qe2 h5 11.Nc3 e5 12.Bg2 Bg4 13.Nd5 Be7 14.O-O O-O 15.Qe1 Rae8
16.Qe3 f5 17.Nxe7+ Rxe7 18.Ng5 e4 19.d3 Nd4 20.dxe4 f4 21.gxf4 Rxf4 22.
Bxd4 cxd4 23.Qg3 Re5 24.f3 Bc8 25.Bh3 Nxh4 26.Kh1 Qf6 27.Bf5 Nxf5 28.Qxf4 
Ng3+ 29.Qxg3 Rxg5 30.Qf2 Qf4 31.Rg1 Bg4 32.Rg3 h4 33.Rxg4 Rxg4 34.Rd1 Rg3 
35.Rd3 Rh3+ 36.Kg1 Qc1+ 0-1

[Event "23rd Reykjavik op"]
[Site "Reykjavik ISL"]
[Date "2008.03.11"]
[Round "9.25"]
[White "Genzling, Alain"]
[Black "Arngrimsson, Dagur"]
[WhiteElo "2264"]
[BlackElo "2359"]
[Result "0-1"]
[EventDate "2008.03.03"]
[PlyCount "110"]

1.c4 e6 2.d4 d5 3.cxd5 exd5 4.Nc3 Nf6 5.Bg5 Be7 6.e3 c6 7.Bd3 O-O 8.Nge2 
Nbd7 9.Qc2 Re8 10.f3 Nf8 11.O-O h6 12.Bh4 b6 13.Bf2 c5 14.Ng3 c4 15.Be2 
Rb8 16.e4 b5 17.e5 N6h7 18.f4 b4 19.Nxd5 Qxd5 20.Bxc4 Qa5 21.f5 Ba6 22.
Bxf7+ Kxf7 23.Qb3+ Ne6 24.Qxe6+ Kf8 25.f6 Bxf1 26.Rxf1 Bxf6 27.Qb3 Rbd8 
28.exf6 Nxf6 29.Be3 Qd5 30.Qxb4+ Kg8 31.Nf5 Rd7 32.h3 Kh7 33.Qd2 Ne4 34.
Qd3 Rf7 35.Ng3 Rxf1+ 36.Kxf1 Kh8 37.Nxe4 Rxe4 38.Bf2 Qf5 39.Qd2 Qb5+ 40.
Kg1 Re2 41.Qf4 Rxb2 42.a4 Qd5 43.Qe5 Qf7 44.Qe3 a5 45.Bg3 Qd5 46.Bf2 Ra2 
47.Qf4 Kh7 48.Qc1 Qf5 49.Qe3 Rxa4 50.Kh2 Ra2 51.Bg1 a4 52.Qg3 a3 53.d5 
Qxd5 54.Bf2 Re2 55.Be1 Qe5 0-1

[Event "23rd Reykjavik op"]
[Site "Reykjavik ISL"]
[Date "2008.03.11"]
[Round "9.27"]
[White "Vasilevich, Tatjana"]
[Black "Edvardsson, Kristjan"]
[WhiteElo "2370"]
[BlackElo "2261"]
[Result "1-0"]
[EventDate "2008.03.03"]
[PlyCount "153"]

1.d4 Nf6 2.c4 g6 3.Nc3 Bg7 4.e4 d6 5.f3 Nc6 6.Nge2 a6 7.Be3 Rb8 8.Rc1 O-O 
9.Qd2 Re8 10.g3 e5 11.d5 Nd4 12.Nxd4 exd4 13.Bxd4 c5 14.Be3 Qa5 15.Bf4 Qc7
16.Bg2 b5 17.cxb5 axb5 18.O-O b4 19.Nd1 Ba6 20.Re1 Nd7 21.Bf1 Qb6 22.Ne3 
Ne5 23.Bxe5 Bxe5 24.Nc4 Bxc4 25.Bxc4 Qd8 26.Kg2 Qf6 27.Re2 Kg7 28.Rf1 Qd8 
29.h4 h5 30.Qd3 Bd4 31.f4 Rb7 32.Bb5 Ree7 33.Bc6 Ra7 34.a4 bxa3 35.bxa3 
Qc8 36.a4 f6 37.Qf3 f5 38.Rfe1 fxe4 39.Rxe4 Bf6 40.Re6 Rxe6 41.Rxe6 Re7 
42.Rxe7+ Bxe7 43.Qe4 Qf8 44.Bb5 Bd8 45.Qe6 Bf6 46.a5 c4 47.Bxc4 Qb8 48.
Qd7+ Kh6 49.Qb5 Qa7 50.a6 Qe3 51.Qb1 Bd4 52.Qf1 Qe4+ 53.Kh2 Be3 54.Qe2 Qd4
55.Qd3 Bg1+ 56.Kh3 Qf2 57.Qe2 Qd4 58.Kg2 Be3 59.Kh2 Qc3 60.Bd3 Qc1 61.Be4 
Qg1+ 62.Kh3 Bf2 63.Qd3 Be3 64.Bg2 Qe1 65.Qe4 Qd2 66.f5 g5 67.Qe6+ Kg7 68.
Qg6+ Kf8 69.Qxd6+ Ke8 70.Qe6+ Kd8 71.Qg8+ Kd7 72.Qf7+ Kd6 73.Qxh5 gxh4 74.
Qxh4 Bg5 75.Qh7 Qe3 76.a7 Bf4 77.Qg6+ 1-0

[Event "23rd Reykjavik op"]
[Site "Reykjavik ISL"]
[Date "2008.03.11"]
[Round "9.28"]
[White "Johannesson, Ingvar Thor"]
[Black "Andersson, Christin"]
[WhiteElo "2338"]
[BlackElo "2194"]
[Result "1-0"]
[EventDate "2008.03.03"]
[PlyCount "111"]

1.e4 e6 2.d4 d5 3.Nd2 c5 4.Ngf3 cxd4 5.exd5 Qxd5 6.Bc4 Qc5 7.Qe2 Nc6 8.O-O
Nf6 9.Nb3 Qb6 10.Rd1 Bc5 11.Nxc5 Qxc5 12.Bf4 O-O 13.c3 e5 14.Bxe5 Nxe5 15.
Nxe5 dxc3 16.Rac1 Bf5 17.Rxc3 Qe7 18.Re3 Qc5 19.h3 Rac8 20.Bb3 Rc7 21.Nf3 
Bg6 22.Re5 Qb6 23.Nh4 Rc5 24.Nxg6 hxg6 25.Re7 Rc7 26.Re1 Rxe7 27.Qxe7 a5 
28.Rc1 Nh7 29.Rc7 a4 30.Rxb7 Qc6 31.Bxf7+ Kh8 32.Bc4 Qf6 33.Qxf6 Nxf6 34.
Bd3 Kh7 35.Rb4 Kh6 36.Rxa4 Rd8 37.Bc2 Rc8 38.Bd1 Rc1 39.Rd4 Rb1 40.b4 Kg5 
41.f4+ Kf5 42.Kf2 Rb2+ 43.Kf3 g5 44.fxg5 Kxg5 45.Bb3 Rb1 46.Rd1 Rb2 47.b5 
Kh4 48.b6 g5 49.b7 Ng4 50.g3+ Kxh3 51.Rh1+ Nh2+ 52.Rxh2+ Rxh2 53.b8=Q g4+ 
54.Ke3 Rg2 55.Bd5 Rg1 56.Kf2 1-0

[Event "23rd Reykjavik op"]
[Site "Reykjavik ISL"]
[Date "2008.03.11"]
[Round "9.31"]
[White "Gretarsson, Hjorvar Steinn"]
[Black "Bjornsson, Bjorn Freyr"]
[WhiteElo "2247"]
[BlackElo "2194"]
[Result "1-0"]
[EventDate "2008.03.03"]
[PlyCount "53"]

1.c4 Nf6 2.Nc3 g6 3.e4 d6 4.d4 Bg7 5.f3 O-O 6.Nge2 c6 7.Bg5 a6 8.Qd2 b5 9.
Ng3 Nbd7 10.Bh6 Bxh6 11.Qxh6 bxc4 12.Bxc4 Qb6 13.Qd2 Rb8 14.b3 a5 15.O-O 
c5 16.Na4 Qa7 17.d5 Ne5 18.Nb2 Nxc4 19.Nxc4 a4 20.f4 Ba6 21.e5 Bxc4 22.
bxc4 Ne8 23.Ne4 Rb4 24.Qc3 Qa6 25.Rac1 f6 26.Qh3 Rxc4 27.Qd3 1-0

[Event "23rd Reykjavik op"]
[Site "Reykjavik ISL"]
[Date "2008.03.11"]
[Round "9.34"]
[White "Sanchez Castillo, Sarai"]
[Black "Finnlaugsson, Gunnar"]
[WhiteElo "2312"]
[BlackElo "2128"]
[Result "1-0"]
[EventDate "2008.03.03"]
[PlyCount "63"]

1.e4 e6 2.d4 d5 3.Nc3 Bb4 4.exd5 exd5 5.Bd3 Nc6 6.Ne2 Nf6 7.O-O Ne7 8.a3 
Bxc3 9.bxc3 Bf5 10.Ng3 Bxd3 11.Qxd3 h6 12.Qb5+ Qd7 13.Qxb7 O-O 14.Bf4 Rfc8
15.Rfe1 Ne8 16.Nf1 a6 17.Qb1 Nf6 18.Ng3 Ng6 19.Be5 Ne8 20.Qc1 f6 21.Bf4 
Kh7 22.Be3 Nd6 23.Qd1 f5 24.Nh5 Rf8 25.Bf4 Ne4 26.Qd3 Qc6 27.f3 Nxc3 28.
Be5 Nxe5 29.Rxe5 Nb5 30.Re7 Rg8 31.Qxf5+ Qg6 32.Nf6+ 1-0

[Event "23rd Reykjavik op"]
[Site "Reykjavik ISL"]
[Date "2008.03.11"]
[Round "9.35"]
[White "Rebers, Eugene H"]
[Black "Bjornsson, Sverrir Orn"]
[WhiteElo "2297"]
[BlackElo "2116"]
[Result "1-0"]
[EventDate "2008.03.03"]
[PlyCount "99"]

1.Nf3 Nf6 2.g3 b5 3.Bg2 Bb7 4.d3 e6 5.e4 d5 6.Nbd2 Be7 7.O-O O-O 8.e5 Nfd7
9.Re1 c5 10.Nf1 a5 11.h4 a4 12.a3 Nc6 13.Bf4 b4 14.Ne3 bxa3 15.bxa3 Nd4 
16.Nd2 Rb8 17.c3 Nb5 18.c4 Nc3 19.Qg4 Kh8 20.cxd5 Nxd5 21.Nec4 Nxf4 22.
Qxf4 Bxg2 23.Kxg2 Nb6 24.Nxb6 Rxb6 25.Qe4 Qd5 26.Rab1 Rfb8 27.Kf3 h6 28.
Rxb6 Rxb6 29.Rb1 Qxe4+ 30.Kxe4 Rxb1 31.Nxb1 Kg8 32.Nc3 f5+ 33.exf6 gxf6 
34.Nxa4 c4 35.dxc4 Bxa3 36.g4 Kf7 37.f4 Ke7 38.Nc3 Bb2 39.Nb5 Kd7 40.f5 
exf5+ 41.Kxf5 Kc6 42.Kg6 Kc5 43.Nc7 Kxc4 44.Ne8 Kd3 45.Nxf6 Ke3 46.Ng8 Kf3
47.Nxh6 Kg3 48.h5 Bc1 49.g5 Kh4 50.Nf7 1-0

[Event "23rd Reykjavik op"]
[Site "Reykjavik ISL"]
[Date "2008.03.11"]
[Round "9.36"]
[White "Thorsteinsson, Erlingur"]
[Black "Hagesaether, Ellen"]
[WhiteElo "2132"]
[BlackElo "2234"]
[Result "0-1"]
[EventDate "2008.03.03"]
[PlyCount "78"]

1.Nf3 g6 2.d4 d6 3.Bf4 Nf6 4.h3 Bg7 5.Nbd2 O-O 6.e3 Nbd7 7.Bc4 Qe8 8.O-O 
e5 9.dxe5 dxe5 10.Bh2 Qe7 11.Qe2 b6 12.a4 a5 13.Rfd1 Bb7 14.c3 Ne8 15.Bg3 
Kh8 16.Bh4 f6 17.e4 Nd6 18.Bd5 Bxd5 19.exd5 g5 20.Bg3 f5 21.Nd4 f4 22.Bh2 
Nc5 23.Nc6 Qf6 24.f3 Rfe8 25.Ne4 Qg6 26.Nxc5 bxc5 27.Re1 e4 28.fxe4 Rxe4 
29.Qf2 c4 30.Rad1 Qe8 31.Kf1 Nf5 32.Qf3 Re3 33.Qf2 Qe4 34.Kg1 Re8 35.Rxe3 
Nxe3 36.Re1 Qxd5 37.Nd4 Rf8 38.Nc2 Nd1 39.Qf3 Qc5+ 0-1